| 000 | 00548nam a2200205Ia 4500 | ||
|---|---|---|---|
| 005 | 20260429112139.0 | ||
| 008 | 260429s9999||||xx |||||||||||||| ||und|| | ||
| 020 | _a9781265213367 | ||
| 041 | _aEnglish | ||
| 082 |
_a612.76 _bBEA |
||
| 100 | _aBeam, William C. | ||
| 245 | 0 |
_aExercise physiology : _blaboratory manual / _cWilliam C. Beam |
|
| 250 | _a9th ed. | ||
| 260 |
_aNew York : _bMcGraw Hill, _c2023. |
||
| 300 | _aix, 339 p.; pbk | ||
| 650 | _a Labpratory manual | ||
| 650 | _aPhysiology | ||
| 700 | _a Adams, Gene M. | ||
| 942 | _cTB | ||
| 999 |
_c52593 _d52593 |
||